Statistics for Songs By Disclosure

Click here to take the quiz!

General Stats

  • This quiz has been taken 23 times
    (7 since last reset)
  • The average score is 32 of 55

Answer Stats

Year CreatedAlbumArtist(s)Answer% Correct
2012Settle / The SinglesDisclosure ft. Sam SmithLatch
100%
2015CaracalDisclosure ft. Sam SmithOmen
100%
2013Settle / The SinglesDisclosure ft. Eliza DoolittleYou & Me
100%
2013SettleDisclosure ft. Ed MacfarlaneDefeated No More
80%
2013SettleDisclosureF For You
80%
2014Settle: The RemixesDisclosure ft. Mary J. BligeF For You
80%
2012Tenderly / FlowDisclosureFlow
80%
2013SettleDisclosure ft. London GrammarHelp Me Lose My Mind
80%
2015CaracalDisclosure ft. LION BABEHourglass
80%
2013SettleDisclosure ft. Jamie WoonJanuary
80%
2015CaracalDisclosure ft. LordeMagnets
80%
2015CaracalDisclosure ft. The WeekndNocturnal
80%
2013SettleDisclosureStimulation
80%
2013SettleDisclosure ft. Sasha KeableVoices
80%
2013Settle / The SinglesDisclosure ft. AlunaGeorgeWhite Noise
80%
2015Caracal (Deluxe Edition)DisclosureAfterthought
60%
2016Moog For Love EPDisclosureBoss
60%
2013SettleDisclosure ft. Jessie WareConfess To Me
60%
2015CaracalDisclosureEchoes
60%
2018Moonlight EPDisclosure ft. Gwen McCraeFunky Sensation
60%
2013SettleDisclosureGrab Her!
60%
2015CaracalDisclosure ft. Gregory PotterHolding On
60%
2013SettleDisclosureIntro
60%
2015CaracalDisclosureJaded
60%
2012The Face / ControlDisclosureLividup
60%
2015CaracalDisclosure ft. Jordan RakeiMasterpiece
60%
2015Caracal (Deluxe Edition)DisclosureMolecules
60%
2016Moog For Love EPDisclosure ft. Eats EverythingMoog For Love
60%
2018Moonlight EPDisclosureMoonlight
60%
2013Settle (Deluxe Edition)Jessie Ware (Disclosure Remix)Running
60%
2015CaracalDisclosure ft. NaoSuperego
60%
2012Tenderly / Flow / Settle (Digital Deluxe Edition)DisclosureTenderly
60%
2014Non-Album SingleDisclosure with Friend WithinThe Mechanism
60%
2018Non-Album SingleDisclosure ft. Fatoumata DiawaraUltimatum
60%
2013SettleDisclosureWhen A Fire Starts To Burn
60%
2015CaracalDisclosure ft. KwabsWilling & Able
60%
2013Settle (Digital Special Edition)DisclosureApollo
40%
2012The Face / Settle (Deluxe Edition)Disclosure ft. Sinead HarnettBoiling
40%
2012The Face / ControlDisclosure ft. Ria RitchieControl
40%
2016Moog For Love EPDisclosure ft. Al GreenFeel Like I Do
40%
2015CaracalDisclosure ft. MiguelGood Intentions
40%
2011Carnival / I Love... That You KnowDisclosureI Love... That You Know
40%
2018Moonlight EPDisclosureLove Can Be So Hard
40%
2015Caracal (Deluxe Edition)Disclosure ft. Brendan ReillyMoving Mountains
40%
2010Non-Album SingleDisclosureOffline Dexterity / Street Light Chronicle
40%
2013SettleDisclosureSecond Chance
40%
2013Settle (Digital Special Edition)Disclosure ft. Sam Smith, Nile Rodgers & Jimmy NapesTogether
40%
2012The Face / Settle (Deluxe Edition)DisclosureWhat's In Your Head
40%
2018Moonlight EPDisclosureWhere Angels Fear To Tread
40%
2018Moonlight EPDisclosureWhere You Come From
40%
2015Caracal (iTunes Deluxe Edition)DisclosureBang That
20%
2011Carnival / I Love... That You KnowDisclosureBlue You
20%
2011Carnival / I Love... That You KnowDisclosureCarnival
20%
2011Carnival / I Love... That You KnowDisclosureJust Your Type
20%
2011Carnival / I Love... That You KnowDisclosureMy Intention Is War!
20%

Score Distribution

Percentile by Number Answered

Percent of People with Each Score

Your Score History

You have not taken this quiz since the last reset